Quizzes
Events
Quiz Creation
Community
Videos
Private Events
Remove Ads
Sign In
Join for FREE
Feedback
Dark Mode
Quiz Categories
Sports
Geography
Music
Movies
Television
Just For Fun
Miscellaneous
History
Literature
Language
Science
Gaming
Entertainment
Religion
Holiday
For Kids
Quiz Lab
Recent
Popular Today
Quiz Kudos Today
Editor Picks
Curator Picks
Quizzes by...
Day
Popularity
Type
Ratings
Length
Year
Community
Subscriptions
Recent Discussions
Orange Saloon
Badges
Playlists
Quests
Create
Leaderboards
Showdown
Live 5
Trivia Bingo
Activity
Puzzle Library
Sporcle Events
Private Events
Virtual Trivia
Globe League
Become a Host
Pub Owners
SporcleCon
Opinionation
Our Games
Videos
Blog
Mobile Apps
Partnerships
Remove Ads and Go Orange
Feedback
Television
TV Characters
TV Show
Sitcom
Network
Friends
Reality Shows
Cast
South Park
Star Trek
The Simpsons
Doctor Who
Television
TV Characters
TV Show
Sitcom
Network
Friends
Reality Shows
Cast
South Park
Star Trek
The Simpsons
Doctor Who
Random Quiz
Search Sporcle
×
Quiz Lab
Quiz Lab
Television
Anime
Type in answers that appear in a list
Type in answers that appear in a list
Classic
Best Score? Go Orange.
Anime Groups/Teams Stats
Can you name the Anime Groups/Teams?
By
rigaldo
10m
25 Questions
331 Plays
331 Plays
331 Plays
Comments
Comments
Give Quiz Kudos
Give Quiz Kudos
-
- Ratings
hide this ad
Random Order
Randomize order of answers
Randomize order of answers
Replay
Link that replays current quiz
Next Quiz
Link to next quiz in quiz playlist
You Got
0%
They Got
Avg Score
18%
Avg Friend Score
Upgrade to see
Score Distribution
Jump to the score distribution portion of the page
Score
0/25
Timer
10:00
0
Plays Today
Members
Group/Team
% Correct
Deidara, Hidan, Kisame Hoshigaki, Kakuzu, Konan, Orochimaru, Nagato, Sasori, Itachi Uchiha, Madara Uchiha, Zetsu
Akatsuki
64.7%
Giovanni, Archer, Lawrence lll, Cassidy, Butch, Jessie, James
Team Rocket
52.3%
Usagi Tsukino, Ami Mizuno, Kino Makoto, Hino Rei, Aino Minako, Meioh Setsuna, Tenoh Haruka , Kaioh Michiru, Hotaru Tomoe
Sailor Senshi
47.4%
Captain Ginyu, Jeice, Burter, Recoome, Guldo
Ginyu Force
42%
Father, Lust, Gluttony, Envy, Greed, Wrath, Sloth, Pride
Homunculi
39.6%
Yammy Riyalgo, Coyote Starrk, Lilynette Gingerback, Baraggan Luisenbarn, Tia Harribel, Ulquiorra Cifer, Nnoitra Jiruga, Grimmjow Jaegerjaquez, Zommari Leroux, Szayel Aporro Granz,
Espada
36.6%
Spike Spiegel, Jet Black, Faye Valentine, Edward, Ein
Bebop
36%
Bismarck Waldstein, Gino Weinberg, Dorothea Ernst, Anya Alstreim, Suzaku Kururugi, Nonette Enneagram, Luciano Bradley, Monica Kruszewski
Knights of the Round
18.7%
MetalSeadramon, Puppetmon, Machinedramon, Piedmon
Dark Masters
15.7%
Setsuna F. Seiei, Lockon Stratos, Tieria Erde, Allelujah Haptism
Celestial Being
14.8%
Allen Walker, Kanda Yu, Lenalee Lee, Miranda Lotto, Lavi
Black Order
14.5%
Major Motoko Kusanagi, Batou, Chief Aramaki, Togusa, Ishikawa, Saito, Paz, Borma, Azuma, Yano, Proto
Section 9
13.3%
Nana Osaki, Nobuo Terashima, Shinichi Okazaki, Yasushi Takagi
Black Stones or Blast
11.8%
Members
Group/Team
% Correct
Holland Novak, Talho Yuuki, Mattheiu, Renton Thurston, Eureka
Gekkostate
11.5%
The Major, The Doctor, The Captain, First Lieutenant Rip van Winkle, First Lieutenant Zorin Blitz, Warrant Officer Schrödinger, Tubalcain Alhambra, The Valentine Brothers
Millennium
9.4%
Ren Honjo, Layla Serizawa,Takumi Ichinose, Naoki Fujieda
Trapnest
8.8%
47 Claymore, Rubel, Ermita, Orsay, Rado, Dae, Rimuto
The Organization
8.8%
Isley, Riful, Luciela
Abyssal One
4.5%
Shinobu Sensui, Itsuki, Kaname Hagiri, Minoru Kamiya, Kiyoshi Mitarai, Tsukihito Amanuma, Sadao Makihara, Elder Toguro
Sensui Seven
3.9%
Éclair, Lumière, Armbrust, Eclipse, Mercredi, Alv, Dvergr, Tweedledee, Tweedledum, Viola, Cesario, Un-
ou, A-
ou, Sinistra, Dextera
Galactic Organization of Trade and Tariffs
3.9%
Yukio Washimine, Ginji Matsuzaki, Tsugio Bando, Yoshida, Chaka
Washimine Group
3.6%
Shinsen Tennōzu, Chōji Suitengu, Tsujido, Makabe, Niihari, 8 Euphorics
Roppongi Club orTennōzu Group
3%
Shinigami, Bashura, Eibon, Asura
Eight Powerful Warriors
3%
Kazuya Shibuya, Mai Taniyama, Lin Koujo, Houshou Takigawa, Ayako Matsuzaki, John Brown, Masako Hara
Shibuya Psychic Research Center
3%
King Cold, Freiza, Cooler, Zarbon, Dodoria, Cui
Planet Trade Organization or World Trade Organization
1.8%
Quiz Playlist
Details
Report
Send in Message
Add To Playlist
Classic:
Type in answers that appear in a list
Random Order:
Randomize order of answers
Last Updated: Feb 16, 2017
Quiz Scoreboard
CHALLENGE
Sign Up to Join the Scoreboard
Show All
Scores
Hide
Comments
May contain spoilers
Recently Published
An Introduction to Baseball
by treessimontrees
Sports
5m
Movies - When Are They Set?
by FPL_Elf
Movies
5m
Popular People in 1961
by mucciniale
History
6m
More to Explore
Quiz From the Vault
Featured Blog Post
Where Did the Easter Bunny Come From?
hide this ad
You Might Also Like...
Tags
Anime Quiz
group
team
Today's Top Quizzes in Television
Browse Television
hide this ad
Today's Top Quizzes in Anime
Browse Anime
Top Contributed Quizzes in Television
1
One Piece Logic Puzzle
2
Survivor Logic Puzzle: Heroes vs. Villains
3
5-to-1: The Simpsons Families
4
Survivor Seasons
5
Survivor Season by Logo
6
5-to-1: Television Doctors
7
7-to-1: TV Show Settings
8
One Thing in Common: Television
9
Survivor Trivia
10
5-to-1: Streaming Originals
Explore More
Trending Topics
Harry Potter
Disney
Crossword
Kpop
Anime
NBA
Marvel
The Office
NFL
Puzzle
Soccer
WWE
Country
Song
Pokémon
hide this ad
More By:
rigaldo
Quiz
Plays
Rating
Category
Featured
Created
Anime by Villain or Villains
1,180
3.00
Television
May 5, 2015
Anime Female Protagonists by Show
1,116
2.80
Television
Nov 21, 2009
Kingdom Hearts II Bosses
890
2.33
Gaming
Feb 27, 2010
Final Fantasy X Bosses
602
4.14
Gaming
Dec 1, 2009
Castlevania Protagonist
529
5.00
Gaming
Oct 31, 2009
Go to Creator's Profile
Score Distribution
Quiz Creator Spotlight
rigaldo
Follow
Send a Message
Quizzes Created
-
Created Quiz Play Count
-
More By This Creator
Popular Quizzes Today
1
Find the Countries of Europe - No Outlines Minefield
2
Find the US States - No Outlines Minefield
3
The Countries of the World
4
Popular People in 1961
5
US States
6
Find the US States
7
1-10 Letter E Words III
8
Risky Map Clicking: Biggest States A-Z
More Television Quizzes
Game of Thrones: Characters by Number of Words Spoken
Quiz Lab
Trending Quizzes
Risky Map Clicking: Least Populous States A-Z
1-10 Letter F Words
1-10 Letter G Words
One Thing in Common: United Kingdom
Not Quite an Element Typing Challenge
Recently Updated
Leaping Animals
pecheneg
Reality TV Shows (A-Z)
bhenderson79
Rickey Henderson's Hall of Fame Teammates
pecheneg
Champions League XIs: Arsenal
pecheneg
Quick Pick: Celebrities in WWE's Hall of Fame
aduchscher
A-Z Keypad Blitz II
pecheneg
Multiple Oscar Actors
pecheneg
Mystery Phrase Blitz: Oscar 'Best Actors'
pecheneg
F. Scott Fitzgerald Novels
LTH
Pick 3 Villains
ddd62291
Trending Topics
NBA
Crossword
Marvel
Disney
Kpop
Anime
Harry Potter
Soccer
The Office
Song
Puzzle
WWE
NFL
Country
Pokémon
Your Account Isn't Verified!
In order to create a playlist on Sporcle, you need to verify the email address you used during registration. Go to your
Sporcle Settings
to finish the process.
Report this User
Report this user for behavior that violates our
Community Guidelines
.
Details:
Send Report
Go to the Sporcle.com Mobile Site →
Comments